| 000 | 00783nam a22002297a 4500 | ||
|---|---|---|---|
| 001 | 3458 | ||
| 003 | FISKH | ||
| 005 | 20240307110553.0 | ||
| 008 | 240307b cb ||||| |||| 00| 0 eng d | ||
| 040 |
_aFISK _beng _cFISK _dFISK |
||
| 050 | _aPZ7.G3626 | ||
| 082 | _a813 | ||
| 100 |
_aReilly Giff Patricia _d1935-2021 |
||
| 245 |
_aPictures of Hollis Woods / _cPatricia Reilly Giff |
||
| 260 |
_aNew York : _bScholastic, _c2004 |
||
| 300 |
_a166 pages : _c20 cm |
||
| 505 | _aM | ||
| 520 | _aA troublesome twelve-year-old orphan, staying with an elderly artist who needs her, remembers the only other time she was happy in a foster home, with a family that truly seemed to care about her. | ||
| 521 | 8 |
_a650 _bLexile |
|
| 700 | _aPatricia Reilly Giff | ||
| 942 |
_2ddc _cBK _n0 |
||
| 999 |
_c3458 _d3458 |
||